Pytania o Polsce - Statystyki

Ogólne statystyki
  • Ten quiz został rozwiązany 33 razy
  • Średni wynik to 14 z 21
Statystyki odpowiedzi
Pytanie Odpowiedź % Poprawnych
Nazwa hymnu Mazurek Dąbrowskiego
97%
Rok Chrztu Polski 966
93%
Stolica Warszawa
93%
Morze Bałtyckie
90%
Premier Donald Tusk
90%
Prezydent Karol Nawrocki
90%
Język polski
90%
Waluta polski złoty
90%
Kontynent Europa
86%
Rok odzyskania niepodległości 1918
83%
Kierunkowy 48
72%
Religia katolicyzm
66%
Domena .pl
62%
Kod samochodowy PL
62%
Rok uchwalenia konstytucji ( obecnej ) 1997
59%
Strefa czasowa ( zima ) +1
48%
Strefa czasowa ( lato ) +2
45%
Kod ISO PL
38%
Ustrój Republika parlamentalna
34%
Region Europa Środkowa
31%
Kod samolotowy SP
14%
Nie znaleziono quizów pasujących do podanych kryteriów
Rozkład punktacji
Procent ludzi z każdym wynikiem
Percentyl według liczby udzielonych odpowiedzi
Twoja historia wyników
Nie rozwiązałeś tego quizu